000 00329nam a2200133Ia 4500
008 240624s9999 xx 000 0 und d
041 _aeng
082 _a658.4013 BOS
100 _aBOSE TAPAN K
245 _aTOTAL QUALITY OF MANAGEMENT
260 _c2011
_aNew Delhi
_bPearson Education
300 _a448 : p.
365 _cRS
_b30
999 _c17318
_d17318